000 00843nam a22002777a 4500
001 BR9404279
003 BR-BrBNA
005 20230928094100.0
007 ta
008 230509b bl.||||| |||| 00| 0 por d
040 _aBR-BrBNA
_bpor
_cBiblioteca Nacional de Agricultura
041 _a(Por)
072 _aE71; E14
090 _ E71 BR9404279
100 1 _aTudela, F.
110 1 _aBanco Interamericano de Desenvolvimento, Washington, DC (USA)
_91190
245 1 _aPara um novo pacto internacional para o desenvolvimento sustentavel: perspectivas da America Latina e do Caribe
260 3 _aWashington, DC (USA):
_c1992.
300 _a87 p.
650 _aPolitica Internacional
650 _aPrograma de Desenvolvimento
650 _aAmerica Latina
650 _aCaribe
909 _a202309
_bLucia
_c55
_dLucia Elande
942 _cBK
999 _c48761
_d48761